Responses for Show #2621 - Monday, January 15, 1996

Barbara Walker game 4.

Contestants

[<< previous game]

Nick Lamelza, a telephone operator from Philadelphia, Pennsylvania

John Zappacosta, a teacher from Springfield, Pennsylvania

Barbara Walker, an elementary school principal from Westminster, Maryland (whose 3-day cash winnings total $27,700)

[next game >>]

Jeopardy! Round responses

CHILDREN'S LITERATURE
U.S.A.
FOOD & DRINK
TAX TIME
THE 1840s
MUSIC IN "BLACK" & "WHITE"
(Alex: Each correct response in the last category will contain either "black" or "white".)
    $100 1
a genie

John
    $100 2
Atlantic City

John
    $100 16
pasteurization

John
    $100 26
an audit

John
    $100 7
(Nick: What is Canada?)
...
(Alex: Yes, if you can't get it north, go south.)

Mexico

JohnNick
    $100 17
a white sport coat

Barbara
    $200 12
Jack Sprat

Nick
    $200 3
Hartford

Nick
    $200 18
rum

Barbara
    $200 27
an individual retirement account

Nick
    $200 8
Antarctica

John
    $200 20
that old black magic

Barbara
    $300 13
hats

Triple Stumper
    $300 4
Fort McHenry

Barbara
    $300 19
a burrito

Nick
    $300 28
your social security number

John
    $300 9
Henry David Thoreau

John
    $300 23
the Black Forest

Nick
    $400 14
C.S. Lewis

Nick
    $400 5
Yosemite

John
    $400 21
(Nick: What is shrimp?)

crabmeat

BarbaraNick
    $400 29
a W-2

John
    $700 10
Utah

John
    $400 24
[Barbara first said “white lies", but corrected herself before her time ran out.]

little white lies

Barbara
    $500 15
Anna Sewell

Barbara
    $500 6
Lake Champlain

John
    $500 22
an orange

Nick
    $500 30
quarterly

Barbara
    $500 11
Danube

Barbara
    $500 25
paint it black

Barbara

Scores at the first commercial break (after clue 15):

Barbara John Nick
$1,300 $2,400 $700

Scores at the end of the Jeopardy! Round:

Barbara John Nick
$3,600 $3,300 $1,600

Double Jeopardy! Round responses

HENRY VIII
ZOOLOGY
ORGANIZATIONS
ARTISTS & THEIR SUBJECTS
WORLD GEOGRAPHY
MOVIES IN BLACK & WHITE
    $200 7
France

John
    $200 6
lizards

John
    $200 26
NATO

John
    $200 13
Napoleon

Barbara
    $200 18
Peru

John
    $200 1
(Barbara: What is Frankenstein?)
...
(Alex: [*] or “Young Frankensteen.”)

Young Frankenstein

BarbaraNick
    $400 8
Anne Boleyn

Barbara
    $400 12
the rhino

Barbara
    $400 27
OPEC

John
    $400 14
Monet

Barbara
    $400 19
the Bering Sea

Barbara
    $400 2
Ed Wood

Nick
    $600 9
Becket

Barbara
    $600 23
giraffe

John
    $600 28
the CIO

Nick
    $600 15
Toulouse-Lautrec

Barbara
    $600 20
Pretoria

John
    $600 3
(Nick: What is Stardust Memories?)

Manhattan

JohnNick
    $2,000 10
Catherine Parr

Barbara
    $800 24
(Barbara: What are kangaroos?)

wombats

Barbara
Triple Stumper
    $800 29
the PLO

Nick
    $800 16
Ophelia

Barbara
    $800 21
the Urals

John
    $800 4
[Alex read the clue as "Vim Vender's 'Vings of Desire'" and appropriately replaced the “W” in B&W with a "V."]
...
[Nick pauses for a moment before picking the next clue.]
(Alex: Threw you off with my reading, didn’t I?)

angels

Nick
    $1000 11
Edward VI

John
    $1000 25
(2 of) Irish, English, & Gordon

Barbara
    $4,000 30
(Nick: What is the United Nations?)

the Organization of American States

Nick
    $1000 17
a bird

John
    $1000 22
Stendhal

Barbara
    $1000 5
Raging Bull

Nick

Scores at the end of the Double Jeopardy! Round:

Barbara John Nick
$10,400 $9,100 $800

[wagering suggestions for these scores]

Final Jeopardy! Round responses

POLITICIANS
(Alex: [Just before Barbara’s wager is revealed] Usually, in situations like this our... women champions don’t risk all that much money, but Barbara is going against the grain today and risking $8,000, remaining champion by picking up $18,400, giving her a 4-day total of $46,100. Way to go! And we’re looking forward to your return tomorrow as you try to become an undefeated 5-time player. Gentlemen, thank you for a good game.)
NickWho is Sam Rayburn
$800
JohnWho is Sam Rayburn?
$7,000
BarbaraWho is Sam Rayburn?
$8,000
Sam Rayburn

Final scores:

Barbara John Nick
$18,400 $16,100 $1,600
4-day champion: $46,100 2nd place: a Counterpoint CD player & a Klipsch stereo speaker system 3rd place: his & hers Daniel Mink wood watches

Game dynamics:

Coryat scores:

Barbara John Nick
$9,200 $8,800 $4,800
21 R
(including 1 DD),
2 W
23 R
(including 1 DD),
0 W
13 R,
4 W
(including 1 DD)

Combined Coryat: $22,800

[game clues] [game scores] [suggest correction]

Game tape date: Unknown
The J! Archive is created by fans, for fans. Scraping, republication, monetization, and malicious use prohibited; this site may use cookies and collect identifying information. See terms. The Jeopardy! game show and all elements thereof, including but not limited to copyright and trademark thereto, are the property of Jeopardy Productions, Inc. and are protected under law. This website is not affiliated with, sponsored by, or operated by Jeopardy Productions, Inc. Join the discussion at JBoard.tv.